000 00350nam a2200133 a 4500
005 20140414093836.0
008 030611s19uu xx 00 eng d
050 _aCDR 004.5
_bMIC 1995
245 _aMicrosoft visual C++ :
_bdevelopment system and tools.
650 _aMicrosoft visual C++.
650 _aCD-ROM.
942 _cAVM
999 _c109057
_d109057